Normal view
MARC view
- Bainum, Peter.M May, Gayle.L Magatomo, Makoto
Entry Personal Name
001 - CONTROL NUMBER
- control field: 76597
003 - CONTROL NUMBER IDENTIFIER
- control field: NUST
005 - DATE AND TIME OF LATEST TRANSACTION
- control field: 20210628205657.0
008 - FIXED-LENGTH DATA ELEMENTS
- fixed length control field: 210628|| aca||aabn | a|a d
040 ## - CATALOGING SOURCE
- Original cataloging agency: NUST
- Transcribing agency: NUST
100 ## - HEADING--PERSONAL NAME
- Personal name: Bainum, Peter.M May, Gayle.L Magatomo, Makoto
670 ## - SOURCE DATA FOUND
- Source citation: Work cat.: (NUST): Bainum, Peter.M May, Gayle.L Magatomo, Makoto, Advances in the astronautical sciences international space year in the pacific basin, 1992
